000 00710nam a2200277Ia 4500
005 20260320195817.0
008 008 262003s9999 xx 000 0 hin d
020 _a9788126701179
037 _aEBOOK
040 _aCRL
040 _bhin
040 _cCRL
041 _2hin
041 _ahin
084 _qCRL
100 _aहरिशंकर परसाई
245 0 _aविकलांग श्रद्धा का दौर
250 _a16th
260 _bRajkamal
260 _c1994
300 _a148
856 _uhttps://ebook.indiaread.in/pdfs/779_viklang_shraddha_ka_daur_by_hari_shankar_parsai.pdf
942 _cEBOOK
999 _c1716626
_d1716626